| 000 | 00688nam a22001937a 4500 | ||
|---|---|---|---|
| 005 | 20251108165801.0 | ||
| 008 | 250721s1981 xx 000 0 ara d | ||
| 082 | 1 | 4 | _aم/415/فار |
| 100 | 1 | _aالفارسي، أبو علي الحسن بن أحمد | |
| 245 | 1 | 0 |
_aالتكملة : _bو هي الجزء الثاني من الإيضاح العضدي / |
| 264 | 1 |
_aالرياض : _bجامعة الرياض - عمادة شؤون المكتبات، _c1981. |
|
| 300 | _a311ص | ||
| 650 | 1 | 7 | _aاللغة العربية |
| 650 | 1 | 7 | _aعلم الصرف |
| 650 | 1 | 7 | _aقواعد اللغة |
| 700 | 1 |
_aفرهود، حسن شاذلي _eتحقيق |
|
| 942 |
_2ddc _cREF |
||
| 999 |
_c31220 _d31220 |
||